[Event "Mexican op 66th"]
[Site "Villahermosa"]
[Date "2021.08.04"]
[Round "1"]
[White "Benitez Lozano, Javier"]
[Black "Hernandez Torres, Paulo de Jesus"]
[Result "1-0"]
[WhiteElo "2287"]
[BlackElo "1907"]
[PlyCount "77"]
[EventDate "2021.08.04"]
[EventType "swiss"]
[EventRounds "8"]
[EventCountry "MEX"]
[SourceTitle "CBM 203 Extra"]
[Source "ChessBase"]
[SourceDate "2021.09.30"]
[SourceVersion "1"]
[SourceVersionDate "2021.09.30"]
[SourceQuality "1"]

1. c4 f5 2. g3 Nf6 3. Bg2 g6 4. Nc3 Bg7 5. d3 d6 6. e4 Nc6 7. Nge2 0-0 8. 0-0 e5 9. exf5 Bxf5 10. h3 Qd7 11. Kh2 h5 12. Bg5 Nh7 13. Be3 Kh8 14. d4 Rae8 15. d5 Na5 16. b3 b6 17. Ne4 Nb7 18. b4 Nd8 19. a4 Nf7 20. N2c3 Bh6 21. Qd2 Kg7 22. a5 Bxe3 23. Qxe3 Nh6 24. axb6 axb6 25. Ra7 Rf7 26. c5 bxc5 27. bxc5 Bxe4 28. Nxe4 Nf5 29. Qa3 Nd4 30. Qa6 dxc5 31. Nxc5 Qd6 32. Ne4 Qd8 33. Qc4 Ree7 34. f4 Nf5 35. Qc3 Qe8 36. fxe5 Rxe5 37. Rxc7 Kg8 38. Rxf7 Kxf7 39. Nd6+ 1-0